000 01131nam a22003257a 4500
003 CHAP
005 20220329143310.0
008 080325d2003 es ad r 00110 spa d
010 _a94627
011 _a95599
020 _a8420010197
035 _a106226
040 _cCHAP
082 0 4 _a634
_bT42Y
100 0 0 _aThompson, A. K.
_9112876
245 1 0 _aAlmacenamiento en atmósferas controladas de frutas y hortalizas
_c/por A. K. Thompson
260 _aZaragoza :
_bAcribia,
_c2003
300 _axiii, 273 p. :
_bilus. ; gráfs. ; tablas
500 _aTrad de : Controlled atmosphere storage of fruits and vegetables, 1998
590 _aBATCH-UPD
_b10
_c20130110
_lUCH01
_h1101
590 _aBATCH-UPD
_b10
_c20130410
_lUCH01
_h0654
590 _aBATCH-UPD
_b10
_c20130914
_lUCH01
_h0242
590 _aCONVERSION
_b10
_c20130109
_lUCH01
_h1352
650 1 4 _aAlmacenamiento en atmósfera controlada.
_94461
650 1 4 _aFruta
_xAlmacenamiento.
_943592
650 1 4 _aLegumbres
_xAlmacenamiento.
_965682
901 _aBK
942 _cLIBRO
949 _a634 T42Y
_bBC
_cLIBRO
_d33724002043074
_eLIBRO
_gI.c/e
_h109324
_i106226
_si
_t$454.00
999 _c94627
_d94627